00426 2200169 4500001002100000008004100021035002000062245003100082100001900113260003200132300002200164020002200186084001400208082000800222650001000230990001600240INLIS000000000000001 ind  a0010-0724000001 a0.465972222cFiersa Besari aBesari, Fiersa aJakarta :bMediakita,c2018 a302 hlmc13x19 cm a978-979-794-596-5 a813 FIE 1 a813 aFiksi aP29/CP/24/1